|
|
|
|
| LEADER |
02495nam a2200697 4500 |
| 001 |
ocn902804409 |
| 003 |
OCoLC |
| 005 |
20170124071200.7 |
| 006 |
m o d |
| 007 |
cr cnu|||unuuu |
| 008 |
150205s2015 gw a ob 001 0 eng d |
| 040 |
|
|
|a N$T
|b eng
|e rda
|e pn
|c N$T
|d N$T
|d DG1
|d CDX
|d OCLCF
|d YDXCP
|d DEBSZ
|d OHI
|d GrThAP
|
| 020 |
|
|
|a 9783527676798
|q electronic bk.
|
| 020 |
|
|
|a 3527676791
|q electronic bk.
|
| 020 |
|
|
|a 9783527676811
|q electronic bk.
|
| 020 |
|
|
|a 3527676813
|q electronic bk.
|
| 020 |
|
|
|a 9783527676804
|q electronic bk.
|
| 020 |
|
|
|a 3527676805
|q electronic bk.
|
| 020 |
|
|
|a 9783527676828
|q electronic bk.
|
| 020 |
|
|
|a 3527676821
|q electronic bk.
|
| 020 |
|
|
|z 9783527336531
|
| 020 |
|
|
|a 3527336532
|
| 020 |
|
|
|a 9783527336531
|
| 024 |
7 |
|
|a 10.1002/9783527676828
|2 doi
|
| 029 |
1 |
|
|a NLGGC
|b 390449814
|
| 029 |
1 |
|
|a CHVBK
|b 334083877
|
| 029 |
1 |
|
|a CHBIS
|b 010442387
|
| 029 |
1 |
|
|a DEBSZ
|b 432901205
|
| 029 |
1 |
|
|a DEBSZ
|b 431915555
|
| 029 |
1 |
|
|a DEBBG
|b BV043397501
|
| 029 |
1 |
|
|a AU@
|b 000058366952
|
| 035 |
|
|
|a (OCoLC)902804409
|
| 050 |
|
4 |
|a QD63.E88
|
| 072 |
|
7 |
|a SCI
|x 013060
|2 bisacsh
|
| 072 |
|
7 |
|a TEC
|x 009010
|2 bisacsh
|
| 082 |
0 |
4 |
|a 660/.2842
|2 23
|
| 049 |
|
|
|a MAIN
|
| 245 |
0 |
0 |
|a Green extraction of natural products :
|b theory and practice /
|c edited by Farid Chemat and Jochen Strube.
|
| 264 |
|
1 |
|a Weinheim :
|b Wiley VCH,
|c 2015.
|
| 300 |
|
|
|a 1 online resource :
|b illustrations (some color).
|
| 336 |
|
|
|a text
|b txt
|2 rdacontent
|
| 337 |
|
|
|a computer
|b c
|2 rdamedia
|
| 338 |
|
|
|a online resource
|b cr
|2 rdacarrier
|
| 490 |
1 |
|
|a Green chemistry
|
| 588 |
0 |
|
|a Online resource; title from PDF title page (Ebsco, viewed Feb. 10, 2015).
|
| 504 |
|
|
|a Includes bibliographical references and index.
|
| 650 |
|
0 |
|a Plant extracts.
|
| 650 |
|
0 |
|a Extraction (Chemistry)
|
| 650 |
|
0 |
|a Chemical engineering.
|
| 650 |
|
7 |
|a SCIENCE / Chemistry / Industrial & Technical
|2 bisacsh
|
| 650 |
|
7 |
|a TECHNOLOGY & ENGINEERING / Chemical & Biochemical
|2 bisacsh
|
| 650 |
|
7 |
|a Chemical engineering.
|2 fast
|0 (OCoLC)fst00852893
|
| 650 |
|
7 |
|a Extraction (Chemistry)
|2 fast
|0 (OCoLC)fst00919005
|
| 650 |
|
7 |
|a Plant extracts.
|2 fast
|0 (OCoLC)fst01065439
|
| 655 |
|
4 |
|a Electronic books.
|
| 655 |
|
0 |
|a Electronic books.
|
| 700 |
1 |
|
|a Chémat, Farid,
|e editor.
|
| 700 |
1 |
|
|a Strube, Jochen,
|d 1965-
|e editor.
|
| 830 |
|
0 |
|a Green chemistry (Weinheim, Germany)
|
| 856 |
4 |
0 |
|u https://doi.org/10.1002/9783527676828
|z Full Text via HEAL-Link
|
| 994 |
|
|
|a 92
|b DG1
|